Statistiques concernant Les chansons de Joe Dassin

Cliquez ici pour prendre le quiz!

Statistiques générales

  • Ce quiz a été pris 135 fois
  • Le résultat moyen est 15 sur 35

Statistiques - réponses

Titre de la chanson% Correct
L'été {indien}
98%
Le petit {pain} au chocolat
97%
Dans les {yeux} d'Emilie
96%
Siffler sur la {colline}
96%
ça va pas changer le {monde}
83%
Et si tu n'{existais} pas
82%
Il était une fois nous {deux}
78%
L'équipe à {Jojo}
72%
Les plus belles {années} de ma vie
68%
Salut les {amoureux}
66%
La {fleur} aux dents
64%
Si tu t'appelles {mélancolie}
60%
C'est la {vie} lily
59%
Le chemin de {papa}
53%
Ma bonne {étoile}
47%
Le café des trois {colombes}
44%
La bande à {Bonnot}
35%
Le jardin du {Luxembourg}
31%
Dans la {brume} du matin
29%
Il faut naître à {Monaco}
29%
La {complainte} de l'heure de pointe
28%
A chacun sa {chanson}
27%
Le dernier {slow}
25%
{Billy} le Bordelais
23%
La vie se chante, la vie se {pleure}
19%
Le {temps} des oeufs au plat
19%
Côté {banjo}, côté violon
15%
Tout {bébé} a besoin d'une maman
15%
La {demoiselle} de déshonneur
12%
Mon {village} au bout du monde
11%
Tellement bu, tellement {fumé}
10%
Viens voir le {loup}
9%
Fais moi de l'{électricité}
8%
Faut pas faire de la peine à {John}
4%
C'est un coeur de {papier}
3%

Distribution des résultats

Percentile par nombre de réponses

% des personnes avec chaque résultat

Votre développement - résultats

Vous n’avez pas pris ce quiz